[Event "Masters 2015 Rochefort"]
[Site "Palais des Congrès Rochefort"]
[Date "2015.02.21"]
[Round "7.2"]
[White "Pichot, Alan"]
[Black "Khusnutdinov, Rustam"]
[Result "1/2-1/2"]
[WhiteElo "2486"]
[BlackElo "2490"]
[PlyCount "44"]
[EventDate "2015.??.??"]

1. e4 c5 2. Nf3 d6 3. d4 cxd4 4. Nxd4 Nf6 5. f3 e5 6. Bb5+ Nbd7 7. Nf5 d5 8.
exd5 a6 9. Ba4 b5 10. Bb3 Nc5 11. Ne3 Nxb3 12. axb3 Bc5 13. Nc3 Bb7 14. Qd3 O-O
15. Ne4 Bxe3 16. Nxf6+ gxf6 17. Bxe3 Qxd5 18. O-O-O Rfd8 19. Qxd5 Bxd5 20. Rd2
Be6 21. Rxd8+ Rxd8 22. Rd1 Rxd1+ 1/2-1/2

[Event "Masters 2015 Rochefort"]
[Site "Palais des Congrès Rochefort"]
[Date "2015.02.21"]
[Round "7.3"]
[White "Loiseau, Quentin"]
[Black "Venkatesh, M.r"]
[Result "0-1"]
[WhiteElo "2401"]
[BlackElo "2460"]
[PlyCount "50"]
[EventDate "2015.??.??"]

1. d4 Nf6 2. c4 g6 3. Nc3 Bg7 4. e4 d6 5. Nf3 O-O 6. h3 e5 7. d5 Nh5 8. g3 Qe8
9. Nh4 f5 10. exf5 gxf5 11. Be2 Nf6 12. g4 f4 13. Qc2 Na6 14. a3 e4 15. g5 Nd7
16. Nxe4 Nac5 17. Nd2 Ne5 18. Kf1 Qe7 19. Ndf3 Nxf3 20. Nxf3 Bf5 21. Qd1 Rae8
22. Ra2 Nb3 23. Bxf4 Bb1 24. Ra1 Nxa1 25. Be3 Be4 0-1

[Event "Masters 2015 Rochefort"]
[Site "Palais des Congrès Rochefort"]
[Date "2015.02.21"]
[Round "7.4"]
[White "Sequera Paolini, Jose Rafael"]
[Black "Dumitrache, Dragos-Nicolae"]
[Result "1/2-1/2"]
[WhiteElo "2413"]
[BlackElo "2423"]
[PlyCount "60"]
[EventDate "2015.??.??"]

1. e4 c5 2. Nc3 Nc6 3. Bb5 Nd4 4. Bc4 e6 5. Nf3 Ne7 6. Nxd4 cxd4 7. Ne2 Nc6 8.
d3 Bc5 9. a3 O-O 10. Ng3 d5 11. Ba2 dxe4 12. dxe4 a5 13. O-O b6 14. Nh5 Qh4 15.
Nf4 Ba6 16. g3 Qe7 17. Nd3 Kh8 18. Qh5 Rac8 19. e5 Qc7 20. Re1 Ne7 21. Bg5 Ng6
22. Rad1 Bb7 23. f3 a4 24. Bb1 Be7 25. Bxe7 Qxe7 26. Nf2 Qc5 27. Nd3 Qd5 28.
Nb4 Qc5 29. Nd3 Qd5 30. Nb4 Qc5 1/2-1/2

[Event "Masters 2015 Rochefort"]
[Site "Palais des Congrès Rochefort"]
[Date "2015.02.21"]
[Round "7.5"]
[White "Krysa, Leandro"]
[Black "Mareco, Sandro"]
[Result "1/2-1/2"]
[WhiteElo "2457"]
[BlackElo "2598"]
[PlyCount "59"]
[EventDate "2015.??.??"]

1. d4 e6 2. c4 b6 3. Nc3 Bb4 4. Qc2 f5 5. a3 Bxc3+ 6. Qxc3 Bb7 7. Qg3 Kf7 8.
Nf3 Nf6 9. Ne5+ Kg8 10. f3 d6 11. Nd3 Qe7 12. b4 Nbd7 13. Bb2 Kf7 14. e3 Rhe8
15. Be2 Kg8 16. O-O e5 17. Rae1 c5 18. Qg5 g6 19. Bd1 Ba6 20. b5 Bb7 21. dxe5
dxe5 22. f4 exf4 23. exf4 Ne4 24. Qxe7 Rxe7 25. Bf3 Rae8 26. Rd1 a6 27. a4 Ra8
28. Ne5 Nxe5 29. Bxe5 Kf7 30. Rd3 1/2-1/2

[Event "Masters 2015 Rochefort"]
[Site "Palais des Congrès Rochefort"]
[Date "2015.02.21"]
[Round "7.15"]
[White "Muratet, Lucas"]
[Black "Manea, Alexandru"]
[Result "1-0"]
[WhiteElo "2157"]
[BlackElo "2381"]
[PlyCount "44"]
[EventDate "2015.??.??"]

1. e4 g6 2. d4 Bg7 3. Nc3 a6 4. a4 d6 5. f4 Nf6 6. Nf3 O-O 7. Bd3 Nc6 8. O-O
Bg4 9. e5 dxe5 10. dxe5 Nd5 11. h3 Nxc3 12. bxc3 Be6 13. Qe2 Qc8 14. Be3 Rb8
15. Rab1 Bf5 16. Ng5 Bxd3 17. cxd3 f6 18. Qa2+ Kh8 19. Nf7+ Rxf7 20. Qxf7 fxe5
21. f5 Qd7 22. f6 Bf8 1-0

[Event "Masters 2015 Rochefort"]
[Site "Palais des Congrès Rochefort"]
[Date "2015.02.21"]
[Round "7.29"]
[White "Den Hartog, Marijn"]
[Black "Chargelegue, Thomas"]
[Result "0-1"]
[WhiteElo "2152"]
[BlackElo "2002"]
[PlyCount "48"]
[EventDate "2015.??.??"]

1. e4 e6 2. d4 d5 3. Nd2 Nf6 4. e5 Nfd7 5. f4 c5 6. c3 Nc6 7. Ndf3 Qb6 8. a3 c4
9. Ne2 Na5 10. g3 Be7 11. Bh3 Qb5 12. f5 exf5 13. Bxf5 Nb3 14. Ra2 Nxe5 15.
dxe5 Bxf5 16. Nfd4 Qd7 17. Nxf5 Qxf5 18. Qxd5 O-O 19. Qxc4 Nc5 20. b4 Nd3+ 21.
Kd2 Nxe5 22. Qb3 Rad8+ 23. Nd4 Qd3+ 24. Ke1 Rxd4 0-1

[Event "Masters 2015 Rochefort"]
[Site "Palais des Congrès Rochefort"]
[Date "2015.02.21"]
[Round "8.1"]
[White "Gao, Rui"]
[Black "Iturrizaga Bonelli, Eduardo"]
[Result "1/2-1/2"]
[WhiteElo "2533"]
[BlackElo "2640"]
[PlyCount "32"]
[EventDate "2015.??.??"]

1. e4 c5 2. Nf3 Nc6 3. Nc3 g6 4. d4 cxd4 5. Nxd4 Bg7 6. Be3 Nf6 7. Bc4 O-O 8.
Bb3 d6 9. h3 Bd7 10. O-O a6 11. Re1 Rc8 12. Nf3 Na5 13. Qe2 Bc6 14. Bg5 Qc7 15.
Rad1 b5 16. Nd5 Bxd5 1/2-1/2

[Event "Masters 2015 Rochefort"]
[Site "Palais des Congrès Rochefort"]
[Date "2015.02.21"]
[Round "8.2"]
[White "Venkatesh, M.r"]
[Black "Khusnutdinov, Rustam"]
[Result "1/2-1/2"]
[WhiteElo "2460"]
[BlackElo "2490"]
[PlyCount "33"]
[EventDate "2015.??.??"]

1. e4 c5 2. Nf3 e6 3. d4 cxd4 4. Nxd4 Nc6 5. Nc3 Qc7 6. Be3 a6 7. Qf3 b5 8. Qg3
Qxg3 9. hxg3 Bb7 10. Nxc6 Bxc6 11. Bd3 Nf6 12. f3 Be7 13. Kf2 d6 14. g4 Nd7 15.
a3 Ne5 16. Rad1 O-O 17. Be2 1/2-1/2

[Event "Masters 2015 Rochefort"]
[Site "Palais des Congrès Rochefort"]
[Date "2015.02.21"]
[Round "8.3"]
[White "Dumitrache, Dragos-Nicolae"]
[Black "Pichot, Alan"]
[Result "0-1"]
[WhiteElo "2423"]
[BlackElo "2486"]
[PlyCount "76"]
[EventDate "2015.??.??"]

1. d4 Nf6 2. c4 c5 3. d5 e6 4. Nc3 exd5 5. cxd5 d6 6. e4 g6 7. f3 Bg7 8. Be3 a6
9. a4 O-O 10. Qd2 Nbd7 11. Nh3 Ne5 12. Nf2 Bd7 13. Be2 b5 14. axb5 axb5 15.
Rxa8 Qxa8 16. Nxb5 Bxb5 17. Bxb5 Rb8 18. Be2 Nfd7 19. Nd1 Qa4 20. Bh6 Bh8 21.
O-O Nc4 22. Bxc4 Qxc4 23. Re1 Ne5 24. Ne3 Qa6 25. Rb1 c4 26. Qc2 Qa2 27. h3 Qa7
28. Kh2 Qd4 29. Ra1 f5 30. exf5 Qh4 31. fxg6 hxg6 32. Qe4 Qxh6 33. f4 Qh4 34.
g3 Ng4+ 35. Kg1 Qxg3+ 36. Ng2 Qh2+ 37. Kf1 Qh1+ 38. Ke2 Rxb2+ 0-1

[Event "Masters 2015 Rochefort"]
[Site "Palais des Congrès Rochefort"]
[Date "2015.02.21"]
[Round "8.4"]
[White "Stets, Dmitry"]
[Black "Sequera Paolini, Jose Rafael"]
[Result "1-0"]
[WhiteElo "2385"]
[BlackElo "2413"]
[PlyCount "99"]
[EventDate "2015.??.??"]

1. e4 e6 2. d4 d5 3. Nc3 Bb4 4. e5 b6 5. a3 Bf8 6. Nf3 c5 7. Bg5 Qd7 8. Bb5 Nc6
9. dxc5 bxc5 10. O-O h6 11. Bd2 Bb7 12. Re1 a6 13. Ba4 Nge7 14. Ne2 Nc8 15. c3
Nb6 16. Bc2 Nc4 17. b4 N6xe5 18. Nxe5 Nxe5 19. bxc5 Bxc5 20. Nd4 Bxd4 21. cxd4
Nc4 22. Bb4 Nd6 23. Rc1 Bc6 24. Qg4 O-O 25. Re3 f5 26. Qf4 Nc4 27. Rg3 Rf6 28.
h4 Rc8 29. Bd3 Qc7 30. Qxc7 Rxc7 31. Bxc4 Bb5 32. Bxb5 Rxc1+ 33. Bf1 e5 34.
dxe5 Rfc6 35. f4 Ra1 36. Re3 Rc4 37. Kf2 Rxf4+ 38. Rf3 Ra2+ 39. Kg3 Rg4+ 40.
Kh3 g6 41. h5 a5 42. Bd6 Kf7 43. hxg6+ Kxg6 44. Bd3 Rgxg2 45. Bxf5+ Kg5 46. e6
Rg1 47. Be7+ Kh5 48. Bc5 Re1 49. Kg3 Rae2 50. Kf4 1-0

[Event "Masters 2015 Rochefort"]
[Site "Palais des Congrès Rochefort"]
[Date "2015.02.21"]
[Round "8.5"]
[White "Mareco, Sandro"]
[Black "Wang, Yiye"]
[Result "0-1"]
[WhiteElo "2598"]
[BlackElo "2433"]
[PlyCount "110"]
[EventDate "2015.??.??"]

1. e4 e6 2. d4 d5 3. Nc3 Bb4 4. e5 c5 5. a3 Bxc3+ 6. bxc3 Ne7 7. Qg4 O-O 8. Bd3
f5 9. exf6 Rxf6 10. Bg5 Rf7 11. Qh5 g6 12. Qd1 Nbc6 13. Nf3 Qc7 14. O-O c4 15.
Be2 Nf5 16. Bd2 Rf8 17. Re1 Bd7 18. Ng5 Ng7 19. Bg4 Rae8 20. f4 Ne7 21. Qf3
Nef5 22. a4 h6 23. Nh3 Rf6 24. Qe2 Ref8 25. Nf2 h5 26. Bf3 Nh4 27. Nh3 Rf5 28.
Ng5 Rxf4 29. Bxf4 Qxf4 30. Qe3 Qxe3+ 31. Rxe3 Rf5 32. Re5 Rf8 33. a5 Nhf5 34.
Rb1 Nd6 35. Kf2 Rf6 36. Ke2 Ngf5 37. Kd2 Ne7 38. Rbe1 Nf7 39. Rxe6 Bxe6 40.
Nxe6 Nd6 41. Nc7 Kf8 42. Rxe7 Kxe7 43. Nxd5+ Ke6 44. Nxf6 Kxf6 45. g3 g5 46.
Bxh5 Ne4+ 47. Ke3 Nxc3 48. Be2 Nxe2 49. Kxe2 g4 50. Ke3 Kf5 51. d5 Ke5 52. d6
Kxd6 53. Kd4 c3 54. Ke4 Kc6 55. Kf4 Kb5 0-1

[Event "Masters 2015 Rochefort"]
[Site "Palais des Congrès Rochefort"]
[Date "2015.02.21"]
[Round "8.11"]
[White "Demuth, Adrien"]
[Black "Dijkhuis, Tycho"]
[Result "1/2-1/2"]
[WhiteElo "2516"]
[BlackElo "2278"]
[PlyCount "49"]
[EventDate "2015.??.??"]

1. d4 Nf6 2. c4 c5 3. d5 e6 4. Nc3 exd5 5. cxd5 d6 6. Nf3 g6 7. Bf4 a6 8. a4
Bg7 9. h3 O-O 10. e3 Re8 11. Nd2 Bf5 12. Be2 Ne4 13. Ndxe4 Bxe4 14. O-O g5 15.
Bh2 Bg6 16. f4 Qe7 17. Kh1 Qxe3 18. Bh5 Nd7 19. Bxg6 hxg6 20. Qg4 Nf6 21. Qxg5
b5 22. Bg1 Qe7 23. axb5 axb5 24. Rxa8 Rxa8 25. f5 1/2-1/2

[Event "Masters 2015 Rochefort"]
[Site "Palais des Congrès Rochefort"]
[Date "2015.02.21"]
[Round "8.13"]
[White "Haussernot, Cecile"]
[Black "Ni, Shiqun"]
[Result "0-1"]
[WhiteElo "2162"]
[BlackElo "2315"]
[PlyCount "116"]
[EventDate "2015.??.??"]

1. e4 e5 2. Nf3 Nf6 3. Nxe5 d6 4. Nf3 Nxe4 5. Nc3 Nxc3 6. dxc3 Be7 7. Be3 Nc6
8. Qd2 Be6 9. O-O-O Qd7 10. Kb1 Bf6 11. h4 h6 12. Nd4 Bxd4 13. Bxd4 Rg8 14. Bb5
a6 15. Ba4 O-O-O 16. h5 Rde8 17. f3 f6 18. Qd3 b5 19. Bb3 Na5 20. Rhe1 Nxb3 21.
axb3 Re7 22. b4 Rge8 23. b3 Bf5 24. Qd2 Bh7 25. g4 f5 26. Rxe7 Qxe7 27. gxf5
Bxf5 28. Qf4 Qf7 29. Kb2 Re2 30. Rd2 Re1 31. Qg3 Rh1 32. f4 Be4 33. Bxg7 Qxh5
34. Qe3 Qg6 35. Bd4 Kb7 36. c4 h5 37. f5 Qxf5 38. Rf2 Qh7 39. Qg5 Bc6 40. c5
Qe4 41. Bc3 Qg4 42. Qf6 Qg1 43. Ka2 dxc5 44. bxc5 Rh2 45. Rxh2 Qxh2 46. Kb2 Qh3
47. Be5 Qd7 48. Bg3 Be4 49. Qe5 Bg6 50. Qf6 Be4 51. Qe5 Qh7 52. Bf2 h4 53. c6+
Bxc6 54. Qd4 h3 55. Qa7+ Kc8 56. Qxa6+ Kd7 57. Qa7 h2 58. Bb6 h1=Q 0-1

[Event "Masters 2015 Rochefort"]
[Site "Palais des Congrès Rochefort"]
[Date "2015.02.21"]
[Round "8.14"]
[White "Lemeaux, David"]
[Black "Muratet, Lucas"]
[Result "0-1"]
[WhiteElo "2310"]
[BlackElo "2157"]
[PlyCount "67"]
[EventDate "2015.??.??"]

1. d4 Nf6 2. c4 c5 3. Nf3 cxd4 4. Nxd4 e5 5. Nb5 d5 6. cxd5 Bc5 7. N5c3 O-O 8.
e3 Qe7 9. Be2 e4 10. a3 Rd8 11. Nd2 a5 12. O-O Bf5 13. Qb3 Nbd7 14. Rd1 Ne5 15.
Nf1 h5 16. Na4 Bd6 17. Nb6 Rab8 18. Bd2 Bg4 19. Bxg4 Nfxg4 20. Be1 Qg5 21. h4
Qf6 22. Nc4 a4 23. Qb5 Nf3+ 24. gxf3 exf3 25. Ncd2 Bh2+ 26. Nxh2 Nxh2 27. Nxf3
Nxf3+ 28. Kf1 Qxh4 29. Ba5 b6 30. Bb4 Qg4 31. d6 h4 32. Qd5 h3 33. Ke2 Ng1+ 34.
Kd2 0-1

[Event "Masters 2015 Rochefort"]
[Site "Palais des Congrès Rochefort"]
[Date "2015.02.21"]
[Round "8.21"]
[White "Lutard, Theo"]
[Black "Larand, Manuel"]
[Result "0-1"]
[WhiteElo "2137"]
[BlackElo "2001"]
[PlyCount "58"]
[EventDate "2015.??.??"]

1. e4 d6 2. d4 Nf6 3. Nc3 g6 4. Be3 c6 5. f4 Bg7 6. Nf3 Qb6 7. a3 O-O 8. Qd2
Qxb2 9. Ra2 Qb6 10. h3 Qa5 11. e5 Nh5 12. Kf2 Bh8 13. g4 Ng7 14. Bd3 f5 15. Rg1
Be6 16. Raa1 Nd7 17. Ng5 fxg4 18. hxg4 Nb6 19. Kg3 dxe5 20. dxe5 h6 21. Nxe6
Nxe6 22. Bxg6 Bxe5 23. fxe5 Qxe5+ 24. Kg2 Nc4 25. Bd4 Qxd4 26. Qxh6 Rf2+ 27.
Kh1 Qg7 28. Qxg7+ Kxg7 29. Bf5 Rh8+ 0-1

[Event "Masters 2015 Rochefort"]
[Site "Palais des Congrès Rochefort"]
[Date "2015.02.21"]
[Round "8.22"]
[White "Maloberti, David"]
[Black "Selebran, Henri"]
[Result "0-1"]
[WhiteElo "2129"]
[BlackElo "1914"]
[PlyCount "62"]
[EventDate "2015.??.??"]

1. d4 d5 2. c4 e6 3. Nc3 Nf6 4. cxd5 exd5 5. Bg5 Be7 6. e3 O-O 7. Bd3 Nbd7 8.
Nge2 b6 9. Ng3 g6 10. h4 h5 11. Qc2 Kg7 12. Nce2 c5 13. Nf4 Qe8 14. O-O-O Rh8
15. Bb5 Bb7 16. Qa4 Qd8 17. e4 a6 18. Bxd7 Nxd7 19. Bxe7 Qxe7 20. Nxd5 Bxd5 21.
exd5 b5 22. Qa3 Rhc8 23. Kb1 Nb6 24. dxc5 Qxc5 25. Qd3 f5 26. Rd2 Ra7 27. Re1
Rd7 28. d6 Nc4 29. Qc3+ Kf7 30. Rde2 Qxd6 31. Nf1 Na3+ 0-1

[Event "Masters 2015 Rochefort"]
[Site "Palais des Congrès Rochefort"]
[Date "2015.02.21"]
[Round "8.32"]
[White "Berard, Serge"]
[Black "Grelier, Gilles"]
[Result "1/2-1/2"]
[WhiteElo "1987"]
[BlackElo "2040"]
[PlyCount "39"]
[EventDate "2015.??.??"]

1. e4 c5 2. Nf3 e6 3. d4 cxd4 4. Nxd4 Nf6 5. Nc3 d6 6. Be3 Be7 7. Be2 Nc6 8.
O-O O-O 9. Kh1 Re8 10. f4 e5 11. Nxc6 bxc6 12. fxe5 dxe5 13. Qxd8 Rxd8 14. Bc4
Bg4 15. Rae1 Bb4 16. Bg5 Rd6 17. a3 Bxc3 18. bxc3 Be6 19. Bxe6 Rxe6 20. Bxf6
1/2-1/2

[Event "Masters 2015 Rochefort"]
[Site "Palais des Congrès Rochefort"]
[Date "2015.02.21"]
[Round "9.3"]
[White "Sumets, Andrey"]
[Black "Venkatesh, M.r"]
[Result "1/2-1/2"]
[WhiteElo "2574"]
[BlackElo "2460"]
[PlyCount "63"]
[EventDate "2015.??.??"]

1. d4 Nf6 2. Nf3 e6 3. c4 Bb4+ 4. Nbd2 O-O 5. a3 Be7 6. e4 d6 7. Qc2 Nbd7 8.
Be2 e5 9. O-O exd4 10. Nxd4 Re8 11. b3 Bf8 12. Bb2 Nc5 13. f3 c6 14. Rad1 Qb6
15. Kh1 a5 16. Rfe1 Nh5 17. Bf1 g6 18. g3 Bg7 19. Bg2 Bd7 20. Nf1 Rad8 21. Bc3
Ne6 22. Nxe6 Bxe6 23. Bxg7 Nxg7 24. Ne3 Qc5 25. Qb2 b5 26. b4 axb4 27. axb4 Qb6
28. Bf1 bxc4 29. Bxc4 d5 30. exd5 Bxd5 31. Bxd5 cxd5 32. Ng4 1/2-1/2

[Event "Masters 2015 Rochefort"]
[Site "Palais des Congrès Rochefort"]
[Date "2015.02.21"]
[Round "9.4"]
[White "Dourerassou, Jonathan"]
[Black "Perez Ponsa, Federico"]
[Result "0-1"]
[WhiteElo "2463"]
[BlackElo "2558"]
[PlyCount "128"]
[EventDate "2015.??.??"]

1. e4 c5 2. Nf3 d6 3. d4 cxd4 4. Nxd4 Nf6 5. Nc3 a6 6. Bc4 e6 7. Bb3 Nbd7 8. f4
Nc5 9. Qf3 Be7 10. f5 Bd7 11. Bg5 Qb6 12. O-O-O O-O-O 13. Rhe1 Kb8 14. g4 h6
15. Be3 Qc7 16. h4 h5 17. g5 Ng4 18. Bf4 Bc8 19. Bg3 Ne5 20. Qe2 Nc6 21. Kb1
Bd7 22. Qf2 Nxb3 23. axb3 Nxd4 24. Rxd4 Bc6 25. f6 gxf6 26. gxf6 Bf8 27. Red1
Rg8 28. Qh2 Rg4 29. Bxd6 Bxd6 30. Rxd6 Rxd6 31. Rxd6 Ka7 32. b4 Qb6 33. Rd1
Bxe4 34. Qe5 Bf5 35. b5 Rg2 36. Rc1 Rd2 37. bxa6 bxa6 38. Na4 Qd6 39. Qc3 Rd4
40. b3 Rxh4 41. Ka2 Rd4 42. Qe3 Kb7 43. Nb2 Qf4 44. Qg1 Rd5 45. Nc4 Qd4 46. Qg7
Bg6 47. Qf8 Qxf6 48. Qb4+ Kc7 49. Qb6+ Kd7 50. Re1 Qc3 51. Qb7+ Kd8 52. Qa8+
Ke7 53. Qxd5 Qxe1 54. Qc5+ Kf6 55. Qd4+ Kg5 56. Ne3 f6 57. Ng2 e5 58. Qc5 Qe4
59. Qg1 Qxc2+ 60. Ka3 Kh6 61. Qe3+ Kg7 62. Nh4 Bf7 63. Qg3+ Kh7 64. Kb4 Qxb3+
0-1

[Event "Masters 2015 Rochefort"]
[Site "Palais des Congrès Rochefort"]
[Date "2015.02.21"]
[Round "9.5"]
[White "Wang, Yiye"]
[Black "Gao, Rui"]
[Result "0-1"]
[WhiteElo "2433"]
[BlackElo "2533"]
[PlyCount "58"]
[EventDate "2015.??.??"]

1. e4 c5 2. c3 d6 3. d4 Nf6 4. Bd3 g6 5. h3 Bg7 6. Nf3 O-O 7. O-O Qc7 8. Bg5 h6
9. Bf4 Nh5 10. Bh2 b6 11. e5 cxd4 12. cxd4 Nc6 13. g4 dxe5 14. gxh5 Bxh3 15.
Re1 Rad8 16. hxg6 fxg6 17. Qb3+ e6 18. Be4 Na5 19. Qd3 Qe7 20. Nxe5 Qb4 21. Nc3
Bf5 22. Rad1 Qxb2 23. Ne2 Qxa2 24. Nxg6 Bxg6 25. Bxg6 Nc6 26. Bh7+ Kh8 27. Nf4
Bxd4 28. Rd2 Qa5 29. Ng6+ Kg7 0-1

[Event "Masters 2015 Rochefort"]
[Site "Palais des Congrès Rochefort"]
[Date "2015.02.21"]
[Round "9.23"]
[White "Coimbra, Margarida"]
[Black "Marzolf, Bruno"]
[Result "1-0"]
[WhiteElo "2125"]
[BlackElo "2144"]
[PlyCount "25"]
[EventDate "2015.??.??"]

1. e4 e5 2. Nf3 Nc6 3. d4 exd4 4. Nxd4 Bc5 5. Be3 Qf6 6. c3 Nge7 7. Bc4 O-O 8.
O-O Bb6 9. Na3 Qg6 10. Re1 d6 11. f4 Qxe4 12. Bd3 Qe6 13. Nxe6 1-0

[Event "Masters 2015 Rochefort"]
[Site "Palais des Congrès Rochefort"]
[Date "2015.02.21"]
[Round "9.28"]
[White "Roch, Florian"]
[Black "Chargelegue, Thomas"]
[Result "0-1"]
[WhiteElo "1904"]
[BlackElo "2002"]
[PlyCount "32"]
[EventDate "2015.??.??"]

1. e4 e6 2. d4 d5 3. Nc3 Nf6 4. e5 Nfd7 5. f4 c5 6. Nf3 Nc6 7. Be3 cxd4 8. Nxd4
Qb6 9. Qd2 Qxb2 10. Rb1 Qa3 11. Rb3 Qa5 12. Bb5 Qc7 13. O-O Bc5 14. Nxd5 exd5
15. e6 Nf6 16. exf7+ Kxf7 0-1